Codices Gregorianus Hermogenianus Theodosianus / (Record no. 45016)

MARC details
000 -LEADER
campo de control de longitud fija 01221nam a2200241 i 4500
001 - NÚMERO DE CONTROL
campo de control 45016
003 - IDENTIFICADOR DE NÚMERO DE CONTROL
campo de control ES-MaACL
005 - FECHA Y HORA DE LA ÚLTIMA TRANSACCIÓN
campo de control 20250723061829.0
007 - CAMPO FIJO DE DESCRIPCIÓN FÍSICA--INFORMACIÓN GENERAL
campo de control de longitud fija t|
008 - DATOS DE LONGITUD FIJA--INFORMACIÓN GENERAL
campo de control de longitud fija 030324s18421844gw ||||1| lat d
080 ## - NÚMERO DE LA CLASIFICACIÓN DECIMAL UNIVERSAL
Número de la Clasificación Decimal Universal 34(37)
245 00 - MENCIÓN DEL TÍTULO
Título Codices Gregorianus Hermogenianus Theodosianus /
Mención de responsabilidad, etc. edidit Gustavus Haenel.
260 ## - PUBLICACIÓN, DISTRIBUCIÓN, ETC.
Lugar de publicación, distribución, etc. Bonnae :
Nombre del editor, distribuidor, etc. Adolphum Marcum,
Fecha de publicación, distribución, etc. 1842-1844.
300 ## - DESCRIPCIÓN FÍSICA
Extensión X, 479, 28 p. ;
Dimensiones 28 cm.
505 8# - NOTA DE CONTENIDO CON FORMATO
Nota de contenido con formato Contiene: Codicis Gregoriani et Codicis Hermogeniani fragmenta. Ad XXXVI librorum manuscriptorum et priorum editionum fidem . Codex Theodosianus. Ad LIV librorum manuscriptorum et priorum editionum fidem . Novellae Constitutiones imperatorum Theodosii II, Valentiniani III, Maximi, Maioriani, Severi, Anthemii. XVIII Constitutiones / quas Iacobus Sirmondus divulgavit ; ad librorum manu scriptorum et editionum fidem recognovit et annotatione critica instruxit Gustavus Haenel
597 ## - NOTA DE DESCRIPCIÓN FÍSICA
NOTA DE DESCRIPCIÓN FÍSICA Texto a doble columna, con numeración por columnas.
650 #7 - PUNTO DE ACCESO ADICIONAL DE MATERIA--TÉRMINO DE MATERIA
Término de materia o nombre geográfico como elemento de entrada Derecho romano
Fuente del encabezamiento o término embne
9 (RLIN) 11764
700 1# - ENTRADA AGREGADA--NOMBRE PERSONAL
Nombre de persona Haenel, Gustav Friedrich.
9 (RLIN) 139062
700 1# - ENTRADA AGREGADA--NOMBRE PERSONAL
Nombre de persona Sirmond, Jacques.
9 (RLIN) 139063
730 02 - ASIENTO SECUNDARIO--TITULO UNIFORME
Título uniforme Codex Theodosianus.
9 (RLIN) 135263
852 4# - LOCALIZACIÓN
Ubicación ES-MaACL
Número de control de estantería B-10960
Holdings
Estatus retirado Estado de pérdida Estado de daño No para préstamo Colección Biblioteca de origen Biblioteca actual Ubicación en estantería Fecha de adquisición Fuente de adquisición Total de préstamos Signatura topográfica completa Código de barras Visto por última vez Precio de reemplazo Tipo de ítem Koha
        Libros del s. XIX Biblioteca del Ateneo de Madrid Biblioteca del Ateneo de Madrid Sala Pardo Bazán 17/01/2008     B-10960 1047376 23/02/2023 23/02/2023 Libro impreso antiguo